[Event "escc2023_50"]
[Site "?"]
[Date "2023.05.28"]
[Round "3.19"]
[White "Vehi Bach, Victor Manuel"]
[Black "Zaninotto, Franco"]
[Result "1/2-1/2"]
[BlackElo "1999"]
[WhiteElo "2236"]
[LiveChessVersion "1.4.8"]

1. e4 {[%clk 1:30:57]} e6 {[%clk 1:28:04]} 2. d4 {[%clk 1:31:20]} d5
{[%clk 1:28:25]} 3. Nc3 {[%clk 1:31:42]} Nf6 {[%clk 1:28:45]} 4. Bg5
{[%clk 1:31:55]} Bb4 {[%clk 1:29:07]} 5. e5 {[%clk 1:31:44]} h6 {[%clk 1:29:31]}
6. Bd2 {[%clk 1:31:30]} Bxc3 {[%clk 1:29:54]} 7. bxc3 {[%clk 1:31:33]} Ne4
{[%clk 1:30:17]} 8. Qg4 {[%clk 1:31:35]} Kf8 {[%clk 1:30:33]} 9. Qf4
{[%clk 1:30:58]} c5 {[%clk 1:30:44]} 10. Bd3 {[%clk 1:28:38]} Nxd2
{[%clk 1:30:55]} 11. Qxd2 {[%clk 1:29:03]} Qa5 {[%clk 1:30:09]} 12. Nf3
{[%clk 1:20:41]} Nd7 {[%clk 1:28:53]} 13. O-O {[%clk 1:07:18]} c4
{[%clk 1:27:14]} 14. Be2 {[%clk 1:07:31]} Nb6 {[%clk 1:27:25]} 15. Qc1
{[%clk 0:37:14]} Qxc3 {[%clk 1:17:02]} 16. a4 {[%clk 0:37:37]} Bd7
{[%clk 1:13:55]} 17. Ra3 {[%clk 0:27:31]} Qa5 {[%clk 1:06:09]} 18. c3
{[%clk 0:23:21]} Nxa4 {[%clk 1:02:55]} 19. Bd1 {[%clk 0:23:41]} b5
{[%clk 0:56:52]} 20. Bxa4 {[%clk 0:22:13]} bxa4 {[%clk 0:55:03]} 21. Nd2 Rb8
{[%clk 0:46:37]} 22. Ra2 {[%clk 0:23:04]} g6 {[%clk 0:43:27]} 23. f4
{[%clk 0:23:14]} Kg7 {[%clk 0:40:52]} 24. Qa3 {[%clk 0:23:18]} Rb7
{[%clk 0:38:30]} 25. h3 {[%clk 0:22:26]} Rhb8 {[%clk 0:34:53]} 26. Rf3
{[%clk 0:20:16]} Qd8 {[%clk 0:33:13]} 27. g4 {[%clk 0:19:27]} Qf8
{[%clk 0:29:14]} 28. Qc1 {[%clk 0:19:51]} Rb6 {[%clk 0:27:31]} 29. Kg2
{[%clk 0:17:25]} R8b7 {[%clk 0:26:49]} 30. Kg3 {[%clk 0:17:26]} Qb8
{[%clk 0:26:04]} 31. Nf1 {[%clk 0:17:09]} Rb1 {[%clk 0:23:31]} 32. Qe3
{[%clk 0:17:05]} Rd1 {[%clk 0:13:51]} 33. f5 {[%clk 0:16:58]} exf5
{[%clk 0:11:32]} 34. Qf2 {[%clk 0:17:23]} Rbb1 {[%clk 0:09:36]} 35. Qg2
{[%clk 0:16:32]} Qd8 {[%clk 0:03:31]} 36. Raf2 {[%clk 0:15:33]} a3
{[%clk 0:03:03]} 37. Kh2 {[%clk 0:15:53]} Qg5 {[%clk 0:02:26]} 38. Ng3
{[%clk 0:15:47]} Rg1 {[%clk 0:01:54]} 39. Qxg1 {[%clk 0:16:03]} Rxg1
{[%clk 0:02:19]} 40. Kxg1 {[%clk 0:16:28]} Qc1+ {[%clk 0:01:50]} 41. Rf1
{[%clk 0:16:44]} Qb2 {[%clk 0:27:22]} 42. gxf5 {[%clk 0:46:07]} g5
{[%clk 0:20:37]} 43. Nh5+ {[%clk 0:45:35]} Kf8 {[%clk 0:19:42]} 44. e6
{[%clk 0:45:57]} Bc6 {[%clk 0:08:14]} 45. Re3 {[%clk 0:45:35]} a2
{[%clk 0:06:01]} 46. e7+ {[%clk 0:44:54]} Kg8 {[%clk 0:06:20]} 47. e8=Q+
{[%clk 0:43:07]} Bxe8 {[%clk 0:05:52]} 48. Rxe8+ {[%clk 0:43:31]} Kh7
{[%clk 0:06:19]} 49. Nf6+ {[%clk 0:42:25]} 1/2-1/2

[Event "escc2023_50"]
[Site "?"]
[Date "2023.05.28"]
[Round "3.20"]
[White "Druckenthaner, Andreas"]
[Black "Waddington, Mike P"]
[Result "1/2-1/2"]
[BlackElo "1996"]
[WhiteElo "2227"]
[LiveChessVersion "1.4.8"]

1. e4 {[%clk 1:30:53]} c5 {[%clk 1:30:47]} 2. Nc3 {[%clk 1:31:05]} Nc6
{[%clk 1:31:11]} 3. Nge2 {[%clk 1:31:24]} g6 {[%clk 1:31:20]} 4. d4
{[%clk 1:31:29]} cxd4 {[%clk 1:31:37]} 5. Nxd4 {[%clk 1:31:52]} Bg7
{[%clk 1:31:58]} 6. Nb3 {[%clk 1:32:07]} Nf6 {[%clk 1:31:15]} 7. Be2
{[%clk 1:32:11]} O-O {[%clk 1:31:07]} 8. Bg5 {[%clk 1:30:27]} a5 {[%clk 1:27:56]}
9. a4 {[%clk 1:30:40]} d6 {[%clk 1:27:39]} 10. O-O {[%clk 1:30:42]} Be6
{[%clk 1:26:52]} 11. f4 {[%clk 1:30:27]} Rc8 {[%clk 1:17:57]} 12. Kh1
{[%clk 1:22:58]} Nb4 {[%clk 1:13:42]} 13. Nd4 {[%clk 1:17:03]} Bc4
{[%clk 1:10:06]} 14. Ndb5 {[%clk 1:16:10]} Qb6 {[%clk 0:50:39]} 15. Bxc4
{[%clk 1:05:44]} Rxc4 {[%clk 0:50:27]} 16. Qe2 {[%clk 1:06:03]} Rfc8
{[%clk 0:47:36]} 17. Rad1 {[%clk 0:48:36]} Qc5 {[%clk 0:31:31]} 18. f5
{[%clk 0:43:44]} Nc6 {[%clk 0:27:23]} 19. Be3 {[%clk 0:23:52]} Qb4
{[%clk 0:27:06]} 20. fxg6 {[%clk 0:24:12]} hxg6 {[%clk 0:26:49]} 21. Na2
{[%clk 0:18:46]} Qxa4 {[%clk 0:26:04]} 22. Nbc3 {[%clk 0:19:07]} Rxc3
{[%clk 0:25:14]} 23. Nxc3 {[%clk 0:19:31]} Qb4 {[%clk 0:25:13]} 24. Bc1
{[%clk 0:15:15]} Ne5 {[%clk 0:24:32]} 25. Nd5 {[%clk 0:14:58]} 1/2-1/2

[Event "escc2023_50"]
[Site "?"]
[Date "2023.05.28"]
[Round "3.21"]
[White "Tunge, Christian"]
[Black "Meessen, Rudolf"]
[Result "1/2-1/2"]
[BlackElo "2155"]
[WhiteElo "1991"]
[LiveChessVersion "1.4.8"]

1. c4 {[%clk 1:30:42]} g6 {[%clk 1:27:14]} 2. g3 {[%clk 1:30:46]} Bg7
{[%clk 1:27:38]} 3. Bg2 {[%clk 1:31:02]} d6 {[%clk 1:27:23]} 4. Nc3
{[%clk 1:30:53]} Nf6 {[%clk 1:27:47]} 5. d3 {[%clk 1:28:06]} O-O {[%clk 1:26:52]}
6. Rb1 {[%clk 1:25:22]} a5 {[%clk 1:18:08]} 7. a3 {[%clk 1:24:52]} e5
{[%clk 1:18:09]} 8. b4 {[%clk 1:24:20]} axb4 {[%clk 1:18:34]} 9. axb4
{[%clk 1:24:46]} Nbd7 {[%clk 1:18:41]} 10. Nf3 {[%clk 1:07:59]} Re8
{[%clk 1:16:06]} 11. Nd2 {[%clk 1:07:32]} Nh5 {[%clk 1:14:17]} 12. O-O
{[%clk 0:58:01]} f5 {[%clk 1:14:33]} 13. Bb2 {[%clk 0:57:57]} Ndf6
{[%clk 1:13:35]} 14. Ra1 {[%clk 0:55:30]} Rxa1 {[%clk 1:13:42]} 15. Qxa1
{[%clk 0:55:54]} Bh6 {[%clk 1:11:29]} 16. Bc1 {[%clk 0:42:28]} Bg7
{[%clk 1:05:39]} 17. Bb2 {[%clk 0:42:17]} g5 {[%clk 1:05:48]} 18. Qa7
{[%clk 0:36:17]} c6 {[%clk 1:04:39]} 19. b5 {[%clk 0:35:01]} d5 {[%clk 0:56:37]}
20. bxc6 {[%clk 0:32:29]} bxc6 {[%clk 0:57:02]} 21. cxd5 {[%clk 0:26:26]} cxd5
{[%clk 0:57:11]} 22. Rc1 {[%clk 0:24:11]} 1/2-1/2

[Event "escc2023_50"]
[Site "?"]
[Date "2023.05.28"]
[Round "3.22"]
[White "Molina, Fabrizio"]
[Black "Kirszenberg, Marc"]
[Result "0-1"]
[BlackElo "1984"]
[WhiteElo "2131"]
[LiveChessVersion "1.4.8"]

1. Nf3 {[%clk 1:30:25]} d5 {[%clk 1:30:55]} 2. e3 {[%clk 1:30:37]} Nf6
{[%clk 1:31:16]} 3. c4 {[%clk 1:30:54]} c6 {[%clk 1:31:38]} 4. b3
{[%clk 1:30:56]} Bf5 {[%clk 1:31:45]} 5. Bb2 {[%clk 1:31:17]} e6 {[%clk 1:32:01]}
6. Be2 {[%clk 1:30:48]} h6 {[%clk 1:32:26]} 7. O-O {[%clk 1:30:06]} Be7
{[%clk 1:32:41]} 8. d3 {[%clk 1:20:45]} Nbd7 {[%clk 1:30:58]} 9. Qc2
{[%clk 1:19:07]} O-O {[%clk 1:29:40]} 10. Nbd2 {[%clk 1:18:42]} Bh7
{[%clk 1:28:22]} 11. Rfe1 {[%clk 1:14:19]} a5 {[%clk 1:27:12]} 12. a3
{[%clk 1:14:43]} Re8 {[%clk 1:13:12]} 13. Bf1 {[%clk 1:13:52]} Bf8
{[%clk 1:12:21]} 14. e4 {[%clk 1:11:53]} dxe4 {[%clk 1:09:13]} 15. Nxe4
{[%clk 1:07:48]} Nxe4 {[%clk 1:06:44]} 16. dxe4 {[%clk 1:08:11]} e5
{[%clk 1:06:48]} 17. Bc3 {[%clk 0:54:29]} Qc7 {[%clk 0:52:35]} 18. b4
{[%clk 0:51:39]} axb4 {[%clk 0:51:09]} 19. axb4 {[%clk 0:51:21]} b6
{[%clk 0:47:39]} 20. g3 {[%clk 0:49:22]} f6 {[%clk 0:36:58]} 21. h4
{[%clk 0:49:04]} Qb7 {[%clk 0:28:19]} 22. Nd2 {[%clk 0:45:53]} Bd6
{[%clk 0:21:58]} 23. Bh3 {[%clk 0:41:59]} Nf8 {[%clk 0:21:53]} 24. f3
{[%clk 0:30:47]} Bg6 {[%clk 0:21:21]} 25. Nf1 {[%clk 0:30:50]} Bf7
{[%clk 0:19:58]} 26. Ne3 {[%clk 0:31:08]} Be6 {[%clk 0:18:27]} 27. Bxe6+
{[%clk 0:29:48]} Nxe6 {[%clk 0:18:43]} 28. Nf5 {[%clk 0:29:43]} Bf8
{[%clk 0:18:41]} 29. Qb2 {[%clk 0:28:44]} Red8 {[%clk 0:16:48]} 30. Red1
{[%clk 0:21:36]} Rxa1 {[%clk 0:14:15]} 31. Qxa1 {[%clk 0:21:20]} Qa8
{[%clk 0:10:05]} 32. Kf2 {[%clk 0:11:16]} Qxa1 {[%clk 0:09:09]} 33. Rxa1
{[%clk 0:11:43]} Rd3 {[%clk 0:06:54]} 34. Rc1 {[%clk 0:11:50]} g6
{[%clk 0:04:49]} 35. Ne3 {[%clk 0:10:06]} Nd4 {[%clk 0:04:12]} 36. h5
{[%clk 0:07:02]} gxh5 {[%clk 0:02:31]} 37. Bxd4 {[%clk 0:07:26]} exd4
{[%clk 0:02:46]} 38. Nf5 {[%clk 0:07:30]} Bxb4 {[%clk 0:03:10]} 39. Ra1
{[%clk 0:06:54]} Rd2+ {[%clk 0:02:19]} 40. Kf1 {[%clk 0:07:18]} d3
{[%clk 0:02:40]} 41. Ra8+ {[%clk 0:03:43]} Kf7 {[%clk 0:02:50]} 42. Ra7+
{[%clk 0:04:09]} Ke8 {[%clk 0:29:16]} 43. Ng7+ {[%clk 0:34:04]} Kd8
{[%clk 0:26:51]} 44. Ne6+ {[%clk 0:34:18]} Kc8 {[%clk 0:25:29]} 45. Rc7+
{[%clk 0:34:37]} Kb8 {[%clk 0:25:56]} 46. Rxc6 {[%clk 0:34:56]} Rd1+
{[%clk 0:26:00]} 47. Kf2 {[%clk 0:35:10]} d2 {[%clk 0:25:25]} 48. Rxb6+
{[%clk 0:35:20]} Ka7 {[%clk 0:25:44]} 0-1

[Event "escc2023_50"]
[Site "?"]
[Date "2023.05.28"]
[Round "3.23"]
[White "Roatta, Luca"]
[Black "Braun, Klaus"]
[Result "1/2-1/2"]
[BlackElo "1976"]
[WhiteElo "2122"]
[LiveChessVersion "1.4.8"]

1. d4 {[%clk 1:30:56]} Nf6 {[%clk 1:30:49]} 2. Bf4 {[%clk 1:31:19]} d5
{[%clk 1:31:00]} 3. e3 {[%clk 1:31:41]} c5 {[%clk 1:30:40]} 4. c3
{[%clk 1:31:59]} Nc6 {[%clk 1:30:51]} 5. Bd3 {[%clk 1:32:07]} e6 {[%clk 1:27:25]}
6. Nf3 {[%clk 1:31:29]} Bd6 {[%clk 1:27:41]} 7. Bg3 {[%clk 1:31:11]} O-O
{[%clk 1:27:33]} 8. Nbd2 {[%clk 1:31:14]} Qe7 {[%clk 1:19:19]} 9. Ne5
{[%clk 1:27:07]} Bxe5 {[%clk 1:19:12]} 10. dxe5 {[%clk 1:26:20]} Nd7
{[%clk 1:19:32]} 11. Nf3 {[%clk 1:22:24]} f6 {[%clk 1:14:21]} 12. exf6
{[%clk 1:20:14]} Nxf6 {[%clk 1:13:17]} 13. Ne5 {[%clk 1:15:50]} Nxe5
{[%clk 1:06:03]} 14. Bxe5 {[%clk 1:16:14]} Nd7 {[%clk 1:06:01]} 15. Bg3
{[%clk 1:11:37]} e5 {[%clk 0:58:43]} 16. Qe2 {[%clk 0:55:15]} Nf6
{[%clk 0:53:58]} 17. e4 {[%clk 0:46:55]} d4 {[%clk 0:50:09]} 18. O-O
{[%clk 0:43:16]} a6 {[%clk 0:47:16]} 19. f4 {[%clk 0:37:50]} Bg4 {[%clk 0:46:28]}
20. Qc2 {[%clk 0:34:22]} Nh5 {[%clk 0:45:21]} 21. cxd4 {[%clk 0:26:05]} Nxg3
{[%clk 0:34:42]} 22. hxg3 {[%clk 0:26:26]} cxd4 {[%clk 0:33:49]} 23. Be2
{[%clk 0:22:16]} Rac8 {[%clk 0:32:39]} 24. Qd1 Qd8 1/2-1/2

[Event "escc2023_50"]
[Site "?"]
[Date "2023.05.28"]
[Round "3.24"]
[White "Nelis, Jean-Francois"]
[Black "Fink-Nunn, Petra"]
[Result "1/2-1/2"]
[BlackElo "1970"]
[WhiteElo "2094"]
[LiveChessVersion "1.4.8"]

1. Nf3 {[%clk 1:30:53]} d5 {[%clk 1:30:47]} 2. g3 {[%clk 1:31:07]} Nf6
{[%clk 1:28:02]} 3. Bg2 {[%clk 1:31:27]} c5 {[%clk 1:25:51]} 4. O-O
{[%clk 1:31:38]} Nc6 {[%clk 1:25:49]} 5. d4 {[%clk 1:30:16]} e6 {[%clk 1:14:24]}
6. c4 {[%clk 1:29:20]} dxc4 {[%clk 1:01:35]} 7. Qa4 {[%clk 1:27:55]} Bd7
{[%clk 0:56:17]} 8. Qxc4 {[%clk 1:10:51]} cxd4 {[%clk 0:51:05]} 9. Nxd4
{[%clk 1:11:01]} Rc8 {[%clk 0:50:00]} 10. Nc3 {[%clk 1:06:11]} e5
{[%clk 0:44:14]} 11. Nxc6 {[%clk 1:00:59]} Bxc6 {[%clk 0:44:36]} 12. Bxc6+
{[%clk 0:59:09]} Rxc6 {[%clk 0:44:40]} 13. Qb5 {[%clk 0:57:21]} Qc7
{[%clk 0:43:41]} 14. Bg5 {[%clk 0:56:08]} a6 {[%clk 0:40:40]} 15. Qb3
{[%clk 0:48:58]} Rb6 {[%clk 0:34:13]} 16. Qa4+ {[%clk 0:42:20]} Qc6
{[%clk 0:34:23]} 17. Qc2 {[%clk 0:42:10]} Be7 {[%clk 0:28:02]} 18. Rac1
{[%clk 0:35:12]} O-O {[%clk 0:26:44]} 19. Qf5 {[%clk 0:34:11]} Qe6
{[%clk 0:22:05]} 20. Qxe6 {[%clk 0:32:57]} Rxe6 {[%clk 0:15:21]} 21. e4
{[%clk 0:21:32]} Bb4 {[%clk 0:08:58]} 22. Bxf6 {[%clk 0:21:12]} Bxc3
{[%clk 0:07:51]} 23. Rxc3 {[%clk 0:14:38]} Rxf6 {[%clk 0:05:13]} 24. Rd1
{[%clk 0:14:51]} Rb6 {[%clk 0:03:56]} 25. b3 {[%clk 0:15:08]} Rb4
{[%clk 0:04:04]} 26. f3 {[%clk 0:14:42]} Rd4 {[%clk 0:03:33]} 27. Rxd4
{[%clk 0:09:55]} exd4 {[%clk 0:04:02]} 28. Rd3 {[%clk 0:10:16]} Rd8
{[%clk 0:04:13]} 29. e5 {[%clk 0:10:35]} f6 {[%clk 0:02:58]} 30. exf6
{[%clk 0:09:58]} gxf6 {[%clk 0:03:27]} 31. Kf2 {[%clk 0:07:35]} Kf7
{[%clk 0:03:54]} 32. f4 {[%clk 0:07:20]} Ke6 {[%clk 0:03:05]} 33. g4
{[%clk 0:07:11]} Kd5 {[%clk 0:02:53]} 34. Kf3 {[%clk 0:07:27]} Rc8
{[%clk 0:02:48]} 35. h4 {[%clk 0:07:34]} Rc2 {[%clk 0:01:48]} 36. a4
{[%clk 0:07:10]} Rh2 {[%clk 0:01:58]} 37. Kg3 {[%clk 0:07:32]} Rc2
{[%clk 0:02:21]} 38. Kf3 {[%clk 0:07:51]} Rh2 {[%clk 0:02:49]} 39. Kg3
{[%clk 0:08:15]} Rc2 {[%clk 0:03:14]} 40. Kf3 {[%clk 0:08:43]} Rc3 41. Rxc3 dxc3
{[%clk 0:01:17]} 42. Ke3 1/2-1/2

[Event "escc2023_50"]
[Site "?"]
[Date "2023.05.28"]
[Round "3.25"]
[White "Bub, Volker"]
[Black "Genovese, Alberto"]
[Result "1/2-1/2"]
[BlackElo "1921"]
[WhiteElo "2079"]
[LiveChessVersion "1.4.8"]

1. Nf3 {[%clk 1:30:37]} d5 {[%clk 1:30:55]} 2. g3 {[%clk 1:30:20]} Nd7
{[%clk 1:31:17]} 3. c4 {[%clk 1:27:48]} dxc4 {[%clk 1:31:27]} 4. Qa4
{[%clk 1:27:07]} a6 {[%clk 1:31:50]} 5. Qxc4 {[%clk 1:15:56]} b5 {[%clk 1:32:18]}
6. Qc6 {[%clk 1:14:58]} Rb8 {[%clk 1:32:45]} 7. Bg2 {[%clk 1:14:46]} Bb7
{[%clk 1:33:12]} 8. Qc2 {[%clk 1:15:09]} c5 {[%clk 1:32:22]} 9. O-O
{[%clk 1:15:17]} e6 {[%clk 1:32:00]} 10. d3 {[%clk 1:14:58]} Ngf6
{[%clk 1:31:48]} 11. a4 {[%clk 1:14:27]} Be7 {[%clk 1:31:47]} 12. axb5
{[%clk 1:14:50]} axb5 {[%clk 1:32:15]} 13. Bf4 {[%clk 1:12:48]} Rc8
{[%clk 1:28:52]} 14. Na3 {[%clk 1:08:00]} Qb6 {[%clk 1:22:29]} 15. Qb3
{[%clk 1:06:07]} Ba6 {[%clk 1:19:57]} 16. Ne5 {[%clk 1:05:18]} Nxe5
{[%clk 1:13:02]} 17. Bxe5 {[%clk 1:05:38]} O-O {[%clk 1:12:22]} 18. Nc4
{[%clk 0:58:17]} Qa7 {[%clk 1:07:18]} 19. Qxb5 {[%clk 0:54:49]} Bxb5
{[%clk 1:04:42]} 20. Rxa7 {[%clk 0:55:12]} Bxc4 {[%clk 1:04:06]} 21. dxc4
{[%clk 0:53:42]} Ng4 {[%clk 1:04:21]} 22. Bxg7 {[%clk 0:41:09]} Kxg7
{[%clk 1:04:20]} 23. Rxe7 {[%clk 0:41:33]} Ne5 {[%clk 1:01:55]} 24. b3
{[%clk 0:39:00]} Rb8 {[%clk 1:02:22]} 25. Bb7 {[%clk 0:32:17]} Rfd8
{[%clk 1:00:08]} 26. f4 {[%clk 0:23:59]} Ng4 {[%clk 0:55:43]} 27. h3
{[%clk 0:22:04]} Ne3 {[%clk 0:56:09]} 28. Rf3 {[%clk 0:22:04]} Nf5
{[%clk 0:53:48]} 29. Rc7 {[%clk 0:22:23]} Rd2 {[%clk 0:53:04]} 30. Kf2
{[%clk 0:21:18]} Nd4 {[%clk 0:52:40]} 31. Re3 {[%clk 0:21:37]} Kf6
{[%clk 0:46:24]} 32. g4 {[%clk 0:21:11]} Rb2 {[%clk 0:45:11]} 33. g5+
{[%clk 0:15:09]} Kg7 {[%clk 0:45:11]} 34. Bc8 {[%clk 0:12:12]} R8xb3
{[%clk 0:39:23]} 35. Rxb3 {[%clk 0:12:31]} Rxb3 {[%clk 0:39:51]} 36. e3
{[%clk 0:06:49]} Rb2+ {[%clk 0:39:24]} 37. Kf1 {[%clk 0:05:52]} Rb1+
{[%clk 0:36:31]} 38. Kg2 {[%clk 0:05:37]} Rb2+ {[%clk 0:36:56]} 39. Kf1
{[%clk 0:05:50]} Rb1+ {[%clk 0:37:17]} 40. Kf2 {[%clk 0:06:09]} Rb2+
{[%clk 0:35:43]} 41. Kg3 {[%clk 0:02:04]} Rb3 {[%clk 0:30:47]} 42. Kf2
{[%clk 0:21:20]} Rb2+ {[%clk 1:01:14]} 43. Kf1 {[%clk 0:21:21]} Rb1+
{[%clk 1:01:36]} 44. Bd7 1/2-1/2

[Event "escc2023_50"]
[Site "?"]
[Date "2023.05.28"]
[Round "3.26"]
[White "Dube, Dimitri"]
[Black "Mordiglia, Riccardo"]
[Result "0-1"]
[BlackElo "2073"]
[WhiteElo "1982"]
[LiveChessVersion "1.4.8"]

1. c3 {[%clk 1:30:57]} d6 {[%clk 1:30:43]} 2. e4 {[%clk 1:31:07]} e5
{[%clk 1:30:45]} 3. d4 {[%clk 1:31:30]} c6 {[%clk 1:30:48]} 4. Nf3
{[%clk 1:31:04]} Nd7 {[%clk 1:31:11]} 5. Bd3 {[%clk 1:31:06]} Ngf6
{[%clk 1:31:18]} 6. Nbd2 {[%clk 1:29:58]} Be7 {[%clk 1:30:54]} 7. O-O
{[%clk 1:30:13]} O-O {[%clk 1:31:14]} 8. Re1 {[%clk 1:30:28]} Re8
{[%clk 1:31:19]} 9. Nf1 {[%clk 1:30:06]} Bf8 {[%clk 1:31:22]} 10. Ng3
{[%clk 1:30:17]} g6 {[%clk 1:31:30]} 11. a4 {[%clk 1:24:30]} a5 {[%clk 1:29:44]}
12. h3 {[%clk 1:19:42]} Bg7 {[%clk 1:27:34]} 13. Be3 {[%clk 1:20:00]} Qc7
{[%clk 1:26:44]} 14. Qd2 {[%clk 1:19:58]} Nf8 {[%clk 1:24:32]} 15. Bh6
{[%clk 1:19:55]} Ne6 {[%clk 1:23:10]} 16. Rad1 {[%clk 1:13:21]} Bd7
{[%clk 1:16:38]} 17. Bxg7 {[%clk 1:05:05]} Kxg7 {[%clk 1:16:29]} 18. h4
{[%clk 1:05:13]} Nf4 {[%clk 1:12:29]} 19. Bf1 {[%clk 1:04:28]} Bg4
{[%clk 1:08:54]} 20. Re3 {[%clk 1:03:50]} Red8 {[%clk 1:02:28]} 21. Rde1
{[%clk 1:01:43]} h6 {[%clk 0:53:25]} 22. Nh2 {[%clk 1:01:33]} Bd7
{[%clk 0:52:32]} 23. Ne2 {[%clk 0:59:13]} Ne6 {[%clk 0:46:53]} 24. g4
{[%clk 0:43:31]} b5 {[%clk 0:45:08]} 25. axb5 {[%clk 0:43:25]} cxb5
{[%clk 0:45:30]} 26. Ng3 {[%clk 0:38:19]} a4 {[%clk 0:44:00]} 27. Rf3
{[%clk 0:32:14]} a3 {[%clk 0:36:50]} 28. bxa3 {[%clk 0:23:25]} Rxa3
{[%clk 0:36:54]} 29. Bh3 {[%clk 0:22:40]} Nf4 {[%clk 0:31:34]} 30. Rxf4
{[%clk 0:20:04]} exf4 {[%clk 0:31:55]} 31. g5 {[%clk 0:18:44]} hxg5
{[%clk 0:30:47]} 32. hxg5 {[%clk 0:19:06]} Nh7 {[%clk 0:28:55]} 33. Nf5+
{[%clk 0:11:55]} gxf5 {[%clk 0:28:18]} 34. exf5 {[%clk 0:10:46]} Nxg5
{[%clk 0:27:11]} 35. f6+ {[%clk 0:10:44]} Kg6 {[%clk 0:25:55]} 36. Qd3+
{[%clk 0:09:29]} Kxf6 {[%clk 0:25:57]} 37. Ng4+ {[%clk 0:08:35]} Kg7
{[%clk 0:25:52]} 0-1

[Event "escc2023_50"]
[Site "?"]
[Date "2023.05.28"]
[Round "3.27"]
[White "Hartmann, Wolfgang"]
[Black "Folkova, Martina"]
[Result "1-0"]
[BlackElo "2049"]
[WhiteElo "1944"]
[LiveChessVersion "1.4.8"]

1. c4 {[%clk 1:30:56]} e6 {[%clk 1:30:55]} 2. e4 {[%clk 1:31:08]} d5
{[%clk 1:27:03]} 3. exd5 {[%clk 1:30:28]} exd5 {[%clk 1:27:26]} 4. d4
{[%clk 1:28:37]} Nf6 {[%clk 1:26:17]} 5. Nc3 {[%clk 1:28:56]} Be7
{[%clk 1:25:09]} 6. Bd3 {[%clk 1:29:02]} dxc4 {[%clk 1:24:22]} 7. Bxc4
{[%clk 1:29:18]} O-O {[%clk 1:24:08]} 8. Nf3 {[%clk 1:28:10]} Bg4
{[%clk 1:19:47]} 9. Be3 {[%clk 1:27:12]} Nbd7 {[%clk 1:19:03]} 10. h3
{[%clk 0:59:16]} Bh5 {[%clk 1:17:09]} 11. g4 {[%clk 0:58:18]} Bg6
{[%clk 1:16:08]} 12. Nh4 {[%clk 0:50:03]} Nb6 {[%clk 1:14:19]} 13. Bb3
{[%clk 0:46:30]} Nfd5 {[%clk 1:10:42]} 14. Nxg6 {[%clk 0:46:08]} hxg6
{[%clk 1:10:48]} 15. O-O {[%clk 0:40:01]} c6 {[%clk 1:06:59]} 16. Qf3
{[%clk 0:38:13]} Bd6 {[%clk 1:01:35]} 17. Kg2 {[%clk 0:31:50]} Bc7
{[%clk 1:01:16]} 18. Rh1 {[%clk 0:27:27]} a5 {[%clk 0:52:13]} 19. a3
{[%clk 0:27:10]} a4 {[%clk 0:51:31]} 20. Ba2 {[%clk 0:26:42]} Qd7
{[%clk 0:47:05]} 21. h4 {[%clk 0:21:02]} f5 {[%clk 0:37:08]} 22. g5
{[%clk 0:20:19]} f4 {[%clk 0:36:27]} 23. Bd2 {[%clk 0:20:41]} Rae8
{[%clk 0:30:44]} 24. Rae1 {[%clk 0:19:15]} Rd8 {[%clk 0:22:49]} 25. h5
{[%clk 0:16:45]} Qf5 {[%clk 0:20:05]} 26. Ne4 {[%clk 0:16:05]} gxh5
{[%clk 0:17:20]} 27. Qxh5 {[%clk 0:11:25]} f3+ {[%clk 0:15:18]} 28. Kf1
{[%clk 0:11:06]} Rd7 {[%clk 0:10:27]} 29. Nf6+ {[%clk 0:08:40]} Rxf6
{[%clk 0:10:16]} 30. Re8+ {[%clk 0:08:46]} Rf8 {[%clk 0:10:07]} 31. Qh8+
{[%clk 0:08:58]} 1-0

[Event "escc2023_50"]
[Site "?"]
[Date "2023.05.28"]
[Round "3.28"]
[White "Mottonen, Ari"]
[Black "Cardili, Mariano"]
[Result "1/2-1/2"]
[BlackElo "2038"]
[WhiteElo "1860"]
[LiveChessVersion "1.4.8"]

1. d4 {[%clk 1:30:57]} d5 {[%clk 1:30:52]} 2. Nf3 {[%clk 1:31:15]} Nf6
{[%clk 1:31:14]} 3. c4 {[%clk 1:31:36]} c6 {[%clk 1:31:34]} 4. e3
{[%clk 1:31:44]} Bf5 {[%clk 1:30:52]} 5. Nc3 {[%clk 1:31:43]} e6 {[%clk 1:30:34]}
6. Be2 {[%clk 1:27:58]} Nbd7 {[%clk 1:25:53]} 7. O-O {[%clk 1:27:41]} h6
{[%clk 1:26:00]} 8. b3 {[%clk 1:25:32]} Bd6 {[%clk 1:26:01]} 9. Bb2
{[%clk 1:25:08]} O-O {[%clk 1:26:18]} 10. Nd2 {[%clk 1:21:01]} Qe7
{[%clk 1:06:42]} 11. f4 {[%clk 1:15:47]} c5 {[%clk 0:59:54]} 12. Nb5
{[%clk 1:14:29]} cxd4 {[%clk 0:55:15]} 13. Nxd6 {[%clk 1:13:46]} Qxd6
{[%clk 0:55:37]} 14. exd4 {[%clk 1:09:43]} Ne4 {[%clk 0:53:12]} 15. c5
{[%clk 1:05:41]} Qc7 {[%clk 0:52:48]} 16. b4 {[%clk 1:05:39]} Nxd2
{[%clk 0:50:45]} 17. Qxd2 {[%clk 1:05:50]} Nf6 {[%clk 0:51:07]} 18. Bf3
{[%clk 1:04:27]} Be4 {[%clk 0:51:01]} 19. g3 {[%clk 1:03:34]} Bxf3
{[%clk 0:50:51]} 20. Rxf3 {[%clk 1:03:58]} Ne4 {[%clk 0:51:07]} 21. Qe2
{[%clk 1:02:00]} f5 {[%clk 0:50:32]} 22. a4 g5 {[%clk 0:47:45]} 23. b5
{[%clk 0:57:00]} Rf7 {[%clk 0:44:58]} 24. Rc1 {[%clk 0:53:20]} Rg7
{[%clk 0:44:00]} 25. Kh1 {[%clk 0:52:48]} gxf4 {[%clk 0:37:10]} 26. Rxf4
{[%clk 0:46:55]} Kh7 {[%clk 0:36:59]} 27. Rcf1 {[%clk 0:41:18]} Rag8
{[%clk 0:35:48]} 28. Qe1 {[%clk 0:33:26]} Qf7 {[%clk 0:30:22]} 29. Rh4
{[%clk 0:23:29]} Qe7 {[%clk 0:26:56]} 30. Bc1 {[%clk 0:22:30]} Rg6
{[%clk 0:26:29]} 31. Bf4 {[%clk 0:21:58]} Qf6 {[%clk 0:24:37]} 32. Qe3
{[%clk 0:20:14]} Qg7 {[%clk 0:22:31]} 33. Be5 {[%clk 0:19:10]} Qd7
{[%clk 0:20:45]} 34. Qc1 {[%clk 0:14:48]} Rc8 {[%clk 0:20:30]} 35. Bf4
{[%clk 0:12:13]} Qg7 {[%clk 0:20:33]} 36. Be5 {[%clk 0:11:02]} Qd7
{[%clk 0:20:51]} 37. Bf4 {[%clk 0:11:10]} Qg7 {[%clk 0:21:18]} 1/2-1/2